[Event "22nd EUR-ch (w)"]
[Site "Prague CZE"]
[Date "2022.08.21"]
[Round "2.16"]
[White "Toncheva, Nadya"]
[Black "Beydullayeva, Govhar"]
[Result "1-0"]
[WhiteElo "2164"]
[BlackElo "2339"]
[EventDate "2022.08.20"]
[PlyCount "79"]

1.d4 Nf6 2.c4 e6 3.Nc3 Bb4 4.e3 O-O 5.Ne2 c6 6.a3 Ba5 7.Nf4 d5 8.Bd3 Nbd7 
9.cxd5 exd5 10.O-O Bc7 11.Qf3 Re8 12.Bd2 Nf8 13.h3 h6 14.Rfc1 N8h7 15.Nh5 
Ne4 16.Bxe4 Ng5 17.Qd1 Nxe4 18.Nxe4 Rxe4 19.Qf3 Qg5 20.Nf4 Qf5 21.Re1 Bd7 
22.Rac1 Bxf4 23.exf4 Rxd4 24.Re5 Qd3 25.Be3 Re4 26.Rd1 Qb3 27.Rxe4 dxe4 
28.Qh5 Be6 29.Rd2 Qb5 30.Qh4 c5 31.Qh5 f5 32.Rd6 Re8 33.Qg6 Bf7 34.Qxf5 
Qxb2 35.Bxc5 Qb5 36.Rd7 Rf8 37.a4 g6 38.Qxf7+ Rxf7 39.Rd8+ Kh7 40.axb5 1-0

[Event "22nd EUR-ch (w)"]
[Site "Prague CZE"]
[Date "2022.08.21"]
[Round "2.17"]
[White "Heinemann, Josefine"]
[Black "Lomaia, Diana"]
[Result "1/2-1/2"]
[WhiteElo "2321"]
[BlackElo "1955"]
[EventDate "2022.08.20"]
[PlyCount "100"]

1.e4 c5 2.Nf3 g6 3.d4 cxd4 4.Nxd4 Nc6 5.c4 Nf6 6.Nc3 d6 7.Be2 Nxd4 8.Qxd4 
Bg7 9.Be3 O-O 10.Qd2 Be6 11.f3 a5 12.O-O a4 13.Rac1 Nd7 14.Rfd1 Nc5 15.Bf1
Qa5 16.Nb5 Qxd2 17.Rxd2 Rac8 18.Be2 f5 19.exf5 Bxf5 20.Re1 Nd7 21.Bf1 Ne5 
22.b3 Bf6 23.Nd4 Bd7 24.Bf2 Nc6 25.Nxc6 Bxc6 26.Bd4 Bg5 27.Rdd1 axb3 28.
axb3 Kf7 29.Bd3 Bf6 30.Bxf6 Kxf6 31.f4 Ra8 32.Ra1 b6 33.g3 Rxa1 34.Rxa1 
Ra8 35.Rxa8 Bxa8 36.Kf2 e5 37.Ke3 Bc6 38.h4 Bd7 39.Be2 h6 40.Bd3 Be8 41.
Be4 exf4+ 42.gxf4 g5 43.fxg5+ hxg5 44.hxg5+ Kxg5 45.Kd4 Kf6 46.Kd5 Ke7 47.
Bf5 b5 48.c5 Bf7+ 49.Kc6 dxc5 50.Kxc5 Bxb3 1/2-1/2

[Event "22nd EUR-ch (w)"]
[Site "Prague CZE"]
[Date "2022.08.21"]
[Round "2.18"]
[White "Gaal, Zsoka"]
[Black "Soares, Sara Joana de Moura pe"]
[Result "1-0"]
[WhiteElo "2313"]
[BlackElo "1648"]
[EventDate "2022.08.20"]
[PlyCount "91"]

1.d4 d5 2.c4 e6 3.Nf3 Nf6 4.Nc3 Be7 5.g3 O-O 6.Bg2 dxc4 7.Ne5 Nc6 8.Bxc6 
bxc6 9.Nxc6 Qe8 10.Nxe7+ Qxe7 11.Qa4 Bb7 12.O-O Bd5 13.b3 Rfb8 14.bxc4 Rb4
15.Nxd5 exd5 16.Qa3 Qf8 17.cxd5 Rxd4 18.Qc3 Re4 19.Qxc7 Rxe2 20.Qc4 Re4 
21.Qd3 Rd8 22.Ba3 Qe8 23.d6 Qa4 24.Rad1 Re6 25.Rfe1 Rxe1+ 26.Rxe1 Re8 27.
Rxe8+ Qxe8 28.Bb2 Nd7 29.Qd4 Nf6 30.Bc3 Qd7 31.Qe5 Ne8 32.h4 h6 33.a3 Kf8 
34.Bb4 Nf6 35.Bc5 Ne8 36.Qe7+ Qxe7 37.dxe7+ Kg8 38.Bxa7 f6 39.Bc5 Kf7 40.
Kg2 Nc7 41.Kf3 Na6 42.Bd6 Ke8 43.Ke4 Kd7 44.Kd5 g5 45.h5 f5 46.Kc4 1-0

[Event "22nd EUR-ch (w)"]
[Site "Prague CZE"]
[Date "2022.08.21"]
[Round "2.19"]
[White "Hajiyeva, Laman"]
[Black "Garcia Martin, Marta"]
[Result "1/2-1/2"]
[WhiteElo "2042"]
[BlackElo "2305"]
[EventDate "2022.08.20"]
[PlyCount "132"]

1.e4 c5 2.c3 d5 3.exd5 Nf6 4.Qa4+ Nbd7 5.c4 b5 6.Qxb5 Rb8 7.Qa4 e6 8.dxe6 
fxe6 9.Nf3 Bd6 10.Be2 O-O 11.Nc3 Bb7 12.Nb5 Ne5 13.Nxe5 Bxe5 14.d3 a6 15.
Nc3 Bxg2 16.Rg1 Bb7 17.Be3 Bxh2 18.Rg5 e5 19.O-O-O h6 20.Rgg1 Bxg1 21.Rxg1
Kh7 22.Bxc5 Rf7 23.Qc2 Kh8 24.Qd2 Qd7 25.Be3 Qf5 26.Na4 Bf3 27.Bf1 Nh5 28.
Nc5 Nf4 29.Nxa6 Rd8 30.Nb4 Ne6 31.Rg3 g5 32.a3 Kh7 33.Kb1 Rfd7 34.Ka2 e4 
35.Nc6 exd3 36.Nxd8 Rxd8 37.Bh3 g4 38.Bg2 Bxg2 39.Rxg2 h5 40.Rh2 Kg6 41.
Qb4 Rc8 42.Qe7 Qe4 43.Ka1 Rh8 44.c5 Qd5 45.Rg2 Rc8 46.f3 Nxc5 47.Bxc5 Rxc5
48.Qe8+ Kg7 49.Qe7+ Kg6 50.Qe8+ Qf7 51.Qe4+ Qf5 52.Qe8+ Kg7 53.Qe7+ Kg6 
54.Qe8+ Kf6 55.Qf8+ Ke6 56.Qe8+ Kd6 57.Rd2 Rc1+ 58.Ka2 Qd5+ 59.b3 Rc2+ 60.
Rxc2 dxc2 61.Qd8+ Ke6 62.Qg8+ Kd6 63.Qd8+ Ke5 64.Qg5+ Ke6 65.Qg8+ Kd6 66.
Qd8+ Ke6 1/2-1/2

[Event "22nd EUR-ch (w)"]
[Site "Prague CZE"]
[Date "2022.08.21"]
[Round "2.20"]
[White "Javakhishvili, Lela"]
[Black "Lehaci, Miruna-Daria"]
[Result "1/2-1/2"]
[WhiteElo "2476"]
[BlackElo "2186"]
[EventDate "2022.08.20"]
[PlyCount "97"]

1.d4 d5 2.c4 e6 3.Nf3 a6 4.Bg5 Be7 5.Bxe7 Nxe7 6.Nbd2 O-O 7.e3 Nd7 8.Qc2 
b6 9.cxd5 Nxd5 10.e4 Ne7 11.b4 Bb7 12.Nb3 Rc8 13.Rc1 h6 14.Bd3 Ng6 15.O-O 
e5 16.Rfd1 exd4 17.Nbxd4 c5 18.Nf5 cxb4 19.Qb2 Qf6 20.Qxb4 Rxc1 21.Rxc1 
Rd8 22.Bf1 a5 23.Qb1 Re8 24.Ng3 Nde5 25.Nxe5 Nxe5 26.Rc7 Ba8 27.Qc2 Kh7 
28.Nf5 g6 29.Ne3 Rd8 30.Nc4 Kg7 31.Nxe5 Qxe5 32.f3 Qd4+ 33.Qf2 Qd6 34.Qb2+
Kg8 35.Qc3 Rd7 36.Rc8+ Rd8 37.e5 Qd5 38.Rc7 Rd7 39.Rc8+ Rd8 40.Rxd8+ Qxd8 
41.a4 Qd5 42.Bb5 h5 43.h4 Qd1+ 44.Kh2 Bd5 45.Qe3 Qc2 46.Kg3 Qc7 47.Qd4 Be6
48.Kh2 Kg7 49.Kg3 1/2-1/2

[Event "22nd EUR-ch (w)"]
[Site "Prague CZE"]
[Date "2022.08.21"]
[Round "2.21"]
[White "Ushenina, Anna"]
[Black "Paramzina, Anastasya"]
[Result "1-0"]
[WhiteElo "2423"]
[BlackElo "2216"]
[EventDate "2022.08.20"]
[PlyCount "71"]

1.e4 c5 2.c3 Nf6 3.e5 Nd5 4.Nf3 Nc6 5.Bc4 Nb6 6.Bb3 c4 7.Bc2 d6 8.exd6 
Qxd6 9.O-O g6 10.b3 Bg7 11.Na3 cxb3 12.axb3 O-O 13.d4 Nd5 14.Nb5 Qb8 15.
Bb2 a6 16.Na3 Rd8 17.Nc4 b5 18.Ne3 Nb6 19.Qb1 b4 20.Be4 Bb7 21.Rd1 bxc3 
22.Bxc3 f5 23.Bd3 Na7 24.Ng5 f4 25.Nc4 Qc7 26.Bxg6 hxg6 27.Qxg6 Qc6 28.
Qf7+ Kh8 29.Qh5+ Kg8 30.Qf7+ Kh8 31.d5 Qh6 32.Bxg7+ Qxg7 33.Qxg7+ Kxg7 34.
Nxb6 Kf6 35.Ne6 Rd6 36.Nxa8 1-0

[Event "22nd EUR-ch (w)"]
[Site "Prague CZE"]
[Date "2022.08.21"]
[Round "2.22"]
[White "Salimova, Nurgyul"]
[Black "Pavlidou, Ekaterini"]
[Result "1-0"]
[WhiteElo "2404"]
[BlackElo "2158"]
[EventDate "2022.08.20"]
[PlyCount "133"]

1.d4 d5 2.Nc3 Nf6 3.Bf4 a6 4.e3 b5 5.a3 e6 6.Bd3 Bb7 7.b4 Nbd7 8.Nf3 Be7 
9.Qb1 Ne4 10.Ne2 g5 11.Bg3 h5 12.h3 Nb6 13.c3 Bd6 14.h4 g4 15.Bxe4 dxe4 
16.Ng5 Qe7 17.Nxe4 Bxg3 18.fxg3 f5 19.Nc5 Bxg2 20.Rh2 Bc6 21.Nf4 Rh6 22.
Qd3 e5 23.dxe5 Qxe5 24.Qd4 Qxd4 25.exd4 Bf3 26.Kf1 O-O-O 27.Re1 Nd5 28.
Nxd5 Bxd5 29.Rf2 Bf3 30.Ne6 Rg8 31.Ng5 f4 32.gxf4 Bd5 33.Re3 Rf8 34.Kg1 g3
35.Rxg3 Re8 36.Kh2 Rf6 37.f5 Re1 38.Rg1 Re3 39.Rg3 Re1 40.Rd3 Bc4 41.Rdd2 
Re3 42.Rf3 Rxf3 43.Nxf3 Rxf5 44.Kg3 Bd5 45.Rf2 Rf8 46.Ng5 Re8 47.Rf5 c6 
48.Re5 Rf8 49.Ne4 Rf1 50.Nc5 Rf3+ 51.Kh2 Rxc3 52.Rxh5 Kd8 53.Re5 Rxa3 54.
h5 Rf3 55.Nxa6 Rf4 56.Kg3 Rxd4 57.h6 Bg8 58.Rg5 Bh7 59.Rg7 Rd7 60.Kf4 Rxg7
61.hxg7 Ke7 62.Kg5 Kf7 63.Kh6 Bb1 64.Nb8 c5 65.bxc5 b4 66.Nc6 b3 67.Ne7 
1-0

[Event "22nd EUR-ch (w)"]
[Site "Prague CZE"]
[Date "2022.08.21"]
[Round "2.23"]
[White "Milliet, Sophie"]
[Black "Ciolacu, Alessia-Mihaela"]
[Result "1/2-1/2"]
[WhiteElo "2391"]
[BlackElo "2169"]
[EventDate "2022.08.20"]
[PlyCount "74"]

1.d4 Nf6 2.c4 e6 3.g3 d5 4.Bg2 Be7 5.Nf3 O-O 6.O-O dxc4 7.Qc2 a6 8.a4 Bd7 
9.Bg5 Bc6 10.Rd1 b5 11.Bxf6 Bxf6 12.Nc3 b4 13.Ne4 Bxe4 14.Qxe4 Nd7 15.Ne5 
Nb6 16.a5 Nd5 17.Nxc4 Rb8 18.Qf3 Ne7 19.Qd3 Rb5 20.e4 g6 21.f4 Bg7 22.Bf1 
Nc6 23.Ne5 Bxe5 24.dxe5 Qe7 25.Rac1 Rd8 26.Qxd8+ Nxd8 27.Bxb5 axb5 28.a6 
c5 29.Rd6 c4 30.Ra1 Qa7+ 31.Kg2 Nc6 32.Rxc6 Qe3 33.a7 Qe2+ 34.Kh3 Qh5+ 35.
Kg2 Qe2+ 36.Kh3 Qh5+ 37.Kg2 Qe2+ 1/2-1/2

[Event "22nd EUR-ch (w)"]
[Site "Prague CZE"]
[Date "2022.08.21"]
[Round "2.24"]
[White "Melia, Salome"]
[Black "Kazarian, Anna-Maja"]
[Result "0-1"]
[WhiteElo "2384"]
[BlackElo "2139"]
[EventDate "2022.08.20"]
[PlyCount "122"]

1.e4 e6 2.d4 d5 3.Nd2 c5 4.Ngf3 cxd4 5.exd5 Qxd5 6.Bc4 Qd6 7.O-O Nf6 8.Nb3
Nc6 9.Nbxd4 Nxd4 10.Nxd4 a6 11.Re1 Qc7 12.Bf1 Bd6 13.g3 O-O 14.Bg5 Rd8 15.
Qf3 Be5 16.c3 h6 17.Be3 Nd5 18.Rad1 b5 19.Bc1 Bb7 20.Qh5 Bxd4 21.Rxd4 Nf6 
22.Rxd8+ Rxd8 23.Qh3 Qa5 24.a3 Qa4 25.Be2 Qc2 26.Qf1 Ne4 27.Rd1 Nd2 28.Qe1
Qe4 29.f3 Nxf3+ 30.Bxf3 Qxe1+ 31.Rxe1 Bxf3 32.Kf2 Bd5 33.g4 Bc4 34.Be3 e5 
35.Bc1 f6 36.h4 Be6 37.g5 hxg5 38.hxg5 Kf7 39.gxf6 gxf6 40.Rh1 Bf5 41.Be3 
Ke6 42.Rh4 Rd1 43.a4 Rb1 44.Rb4 Bd3 45.Bb6 Bc4 46.axb5 axb5 47.Ke3 f5 48.
Kd2 f4 49.Kc2 Rh1 50.b3 Rh2+ 51.Kc1 Bd3 52.c4 bxc4 53.bxc4 Rc2+ 54.Kd1 e4 
55.Rb3 f3 56.Be3 f2 57.Rb6+ Kf5 58.Rb5+ Kg4 59.Bxf2 Rxf2 60.Re5 Kf4 61.Rh5
Be2+ 0-1

[Event "22nd EUR-ch (w)"]
[Site "Prague CZE"]
[Date "2022.08.21"]
[Round "2.25"]
[White "Dolzhykova, Kateryna"]
[Black "Kiolbasa, Oliwia"]
[Result "1/2-1/2"]
[WhiteElo "2139"]
[BlackElo "2383"]
[EventDate "2022.08.20"]
[PlyCount "81"]

1.e4 c5 2.Nf3 Nc6 3.g3 e6 4.Qe2 Be7 5.Bg2 d5 6.e5 Nh6 7.d3 Nf5 8.c3 b5 9.
Nbd2 Rb8 10.O-O O-O 11.h4 b4 12.Nb3 a5 13.g4 Nxh4 14.Nxh4 Bxh4 15.Nxc5 Be7
16.Nb3 Qc7 17.f4 f6 18.exf6 Bxf6 19.g5 Be7 20.f5 a4 21.Nd4 Bc5 22.fxe6 Bb7
23.Be3 Qe5 24.Rae1 Bd6 25.Rxf8+ Rxf8 26.Nf3 Qxe6 27.Bf2 Qxe2 28.Rxe2 a3 
29.cxb4 Nxb4 30.Ne1 Nxa2 31.bxa3 Nc3 32.Rb2 Rxf2 33.Rxf2 Bc5 34.Kf1 Bxf2 
35.Kxf2 Kf7 36.Nf3 Ke6 37.Ke3 Kd6 38.Nd4 Bc8 39.Bf3 Bd7 40.Kf4 g6 41.Nc2 
1/2-1/2

[Event "22nd EUR-ch (w)"]
[Site "Prague CZE"]
[Date "2022.08.21"]
[Round "2.26"]
[White "Mammadova, Gulnar"]
[Black "Lach, Aleksandra"]
[Result "1-0"]
[WhiteElo "2380"]
[BlackElo "2152"]
[EventDate "2022.08.20"]
[PlyCount "65"]

1.e4 c5 2.Nf3 g6 3.c3 d5 4.e5 Nc6 5.Bb5 Qb6 6.a4 a6 7.Bxc6+ Qxc6 8.h3 Bg7 
9.d4 cxd4 10.cxd4 Nh6 11.O-O O-O 12.Nc3 f6 13.Re1 Be6 14.a5 Nf7 15.Qe2 
Rfe8 16.Na4 Rad8 17.Bf4 g5 18.Rec1 Qb5 19.Qxb5 axb5 20.Nc5 Bc8 21.exf6 
Bxf6 22.Bc7 g4 23.hxg4 Bxg4 24.Bxd8 Nxd8 25.Ne5 Bxe5 26.dxe5 Nc6 27.Nxb7 
Nxe5 28.a6 Ra8 29.Rc7 Kf8 30.a7 Nc4 31.Na5 Nd6 32.Nc6 Nc8 33.Rb7 1-0

[Event "22nd EUR-ch (w)"]
[Site "Prague CZE"]
[Date "2022.08.21"]
[Round "2.27"]
[White "Ibrahimova, Sabina"]
[Black "Sargsian, Anna M."]
[Result "0-1"]
[WhiteElo "2146"]
[BlackElo "2378"]
[EventDate "2022.08.20"]
[PlyCount "144"]

1.e4 e5 2.Nf3 Nc6 3.Bb5 a6 4.Ba4 d6 5.c3 Nf6 6.d3 g6 7.O-O Bg7 8.d4 exd4 
9.cxd4 O-O 10.d5 Ne7 11.Nc3 Nd7 12.Nd4 Nc5 13.Bc2 f5 14.Bg5 fxe4 15.Nxe4 
h6 16.Be3 Nxd5 17.Bb3 Nxb3 18.Qxb3 c6 19.Nc3 Qa5 20.Rfd1 Kh7 21.Nxd5 Qxd5 
22.Qxd5 cxd5 23.Rac1 Rf7 24.Rc3 Bd7 25.Rc7 b5 26.h3 Bf6 27.b3 Bd8 28.Rb7 
Kg7 29.Ne2 Be8 30.Rxf7+ Bxf7 31.Nf4 Rc8 32.Nxd5 a5 33.Bd4+ Kf8 34.Ne3 a4 
35.Rb1 axb3 36.axb3 Ra8 37.b4 Ra4 38.Nd1 Ba2 39.Rb2 Bc4 40.Nc3 Ra3 41.Nb1 
Rd3 42.Rd2 Rb3 43.Rb2 Rxb2 44.Bxb2 Bb6 45.Nd2 Ke7 46.g4 Ke6 47.Kg2 Kd5 48.
Bg7 h5 49.gxh5 gxh5 50.Bh6 Bd3 51.Be3 Bd8 52.Kg3 Bf6 53.Nf3 Kc4 54.Bf4 Be7
55.Bd2 Be2 56.Nh4 d5 57.Nf5 Bxb4 58.Ne3+ Kc5 59.Bxb4+ Kxb4 60.Nxd5+ Kc4 
61.Nf4 Bd1 62.Ng2 Kd3 63.Ne3 Bb3 64.Kf4 b4 65.Ke5 Bg8 66.Nd1 Bb3 67.Ne3 
Bf7 68.Nd1 b3 69.Kf6 Kd2 70.Nb2 Kc2 71.Na4 Be8 72.Nb6 Bb5 0-1

[Event "22nd EUR-ch (w)"]
[Site "Prague CZE"]
[Date "2022.08.21"]
[Round "2.28"]
[White "Antolak, Julia"]
[Black "Huda, Maryana"]
[Result "1/2-1/2"]
[WhiteElo "2378"]
[BlackElo "2128"]
[EventDate "2022.08.20"]
[PlyCount "54"]

1.e4 e5 2.Bc4 Nf6 3.d3 Nc6 4.Nc3 Na5 5.Bb3 Nxb3 6.axb3 Bb4 7.Ne2 d5 8.O-O 
h6 9.f4 exf4 10.e5 Nh5 11.Nxf4 Nxf4 12.Rxf4 Be7 13.d4 Be6 14.Qd3 Qd7 15.
Be3 a6 16.Rff1 O-O 17.Qd2 f6 18.exf6 Rxf6 19.Rxf6 Bxf6 20.Ne2 Bf5 21.Rf1 
Rf8 22.c3 a5 23.h3 Be4 24.Ng3 Bg6 25.Ne2 Be4 26.Ng3 Bg6 27.Ne2 Be4 1/2-1/2

[Event "22nd EUR-ch (w)"]
[Site "Prague CZE"]
[Date "2022.08.21"]
[Round "2.29"]
[White "Petrova, Irina"]
[Black "Vega Gutierrez, Sabrina"]
[Result "1-0"]
[WhiteElo "2127"]
[BlackElo "2366"]
[EventDate "2022.08.20"]
[PlyCount "77"]

1.e4 c5 2.Nf3 e6 3.c4 Nc6 4.Nc3 Nd4 5.g3 Ne7 6.Bg2 Nec6 7.O-O Rb8 8.d3 Be7
9.a3 O-O 10.Rb1 a6 11.Bf4 d6 12.b4 Nxf3+ 13.Bxf3 Bg5 14.Bxg5 Qxg5 15.Bg2 
Qf6 16.Ne2 Nd4 17.f4 b5 18.cxb5 Rxb5 19.Kh1 cxb4 20.axb4 Bd7 21.Nc3 Rbb8 
22.e5 dxe5 23.Ne4 Qe7 24.fxe5 Nf5 25.Qe1 Kh8 26.Nc5 Bb5 27.Qf2 Rbd8 28.Be4
Nd4 29.Qg2 a5 30.Nb7 axb4 31.Nxd8 Rxd8 32.Qf2 Kg8 33.Qd2 b3 34.Qa5 Qd7 35.
Rfc1 Bxd3 36.Bxd3 Qb7+ 37.Kg1 Nf3+ 38.Kf2 Rxd3 39.Rxb3 1-0

[Event "22nd EUR-ch (w)"]
[Site "Prague CZE"]
[Date "2022.08.21"]
[Round "2.30"]
[White "Unuk, Laura"]
[Black "Nilssen, Ellen Fredericia"]
[Result "1-0"]
[WhiteElo "2350"]
[BlackElo "2139"]
[EventDate "2022.08.20"]
[PlyCount "57"]

1.d4 Nf6 2.Nf3 g6 3.Bg5 Bg7 4.Nbd2 d5 5.e3 O-O 6.c3 b6 7.Be2 Bb7 8.h4 h6 
9.Bf4 c5 10.Qc2 Nbd7 11.h5 g5 12.Bxg5 Ne4 13.Bf4 Nxd2 14.Qxd2 f6 15.Nh4 e5
16.Bg3 f5 17.Ng6 Re8 18.dxe5 Nxe5 19.Bxe5 Bxe5 20.Nxe5 Rxe5 21.Rh3 Qe7 22.
Rg3+ Kh7 23.O-O-O d4 24.Bd3 c4 25.exd4 Ra5 26.Rg6 Qf8 27.Re1 cxd3 28.Re7+ 
Qxe7 29.Qxh6# 1-0

[Event "22nd EUR-ch (w)"]
[Site "Prague CZE"]
[Date "2022.08.21"]
[Round "2.31"]
[White "Spanko, Nadia"]
[Black "Balajayeva, Khanim"]
[Result "1-0"]
[WhiteElo "2136"]
[BlackElo "2344"]
[EventDate "2022.08.20"]
[PlyCount "85"]

1.e4 e5 2.Nf3 Nc6 3.Bb5 a6 4.Bxc6 dxc6 5.O-O Bg4 6.h3 h5 7.d3 Qf6 8.Nbd2 
Ne7 9.Re1 Ng6 10.d4 Nf4 11.dxe5 Qg6 12.Nh4 Bxd1 13.Nxg6 Nxg6 14.Rxd1 O-O-O
15.e6 fxe6 16.Re1 Ne5 17.Nf3 Nxf3+ 18.gxf3 Be7 19.Kf1 Rdf8 20.Ke2 e5 21.
Rg1 Rf7 22.Bg5 Bd6 23.Rg2 Rhf8 24.Rg3 b5 25.Rag1 Bc5 26.h4 Kb7 27.Be3 Bxe3
28.fxe3 a5 29.Rf1 Rd8 30.Rd1 Rdf8 31.b3 Kb6 32.Rf1 Rd8 33.f4 Re8 34.f5 Kc5
35.c3 Rd7 36.Rd1 Rf7 37.Rdg1 Ree7 38.Rg6 a4 39.R1g5 axb3 40.axb3 b4 41.c4 
Rd7 42.Re6 Rf8 43.Rgg6 1-0

[Event "22nd EUR-ch (w)"]
[Site "Prague CZE"]
[Date "2022.08.21"]
[Round "2.32"]
[White "Brunello, Marina"]
[Black "Froewis, Annika"]
[Result "1-0"]
[WhiteElo "2341"]
[BlackElo "2044"]
[EventDate "2022.08.20"]
[PlyCount "91"]

1.e4 e5 2.Nf3 Nc6 3.Bc4 Bc5 4.c3 Nf6 5.d3 d6 6.Nbd2 a6 7.Bb3 O-O 8.O-O h6 
9.h3 Re8 10.Re1 Be6 11.Bc2 Ba7 12.Nf1 d5 13.exd5 Bxd5 14.Ng3 Qd7 15.Be3 
Bxe3 16.fxe3 Rad8 17.e4 Be6 18.Qe2 Qd6 19.Qf2 Ne7 20.d4 Ng6 21.Rad1 Qb6 
22.Bb1 Qa5 23.d5 Bc8 24.b4 Qa4 25.Qb2 Qb5 26.c4 Qb6+ 27.c5 Qa7 28.Qc3 Bd7 
29.Bc2 b5 30.Kh1 c6 31.dxc6 Bxc6 32.Rxd8 Rxd8 33.Nxe5 Nxe5 34.Qxe5 Re8 35.
Qf4 a5 36.Nf5 axb4 37.Nxh6+ gxh6 38.Qxf6 Re6 39.Qf3 Qxc5 40.Bb3 Re7 41.Qf6
Qc3 42.Qg6+ Kh8 43.Qxh6+ Kg8 44.Rc1 Qg7 45.Qxg7+ Kxg7 46.Rxc6 1-0

[Event "22nd EUR-ch (w)"]
[Site "Prague CZE"]
[Date "2022.08.21"]
[Round "2.33"]
[White "Koridze, Lile"]
[Black "Zimina, Olga"]
[Result "1-0"]
[WhiteElo "2081"]
[BlackElo "2340"]
[EventDate "2022.08.20"]
[PlyCount "109"]

1.d4 d5 2.c4 e6 3.Nf3 c6 4.e3 Nf6 5.Nbd2 Ne4 6.Bd3 f5 7.O-O Bd6 8.b3 Nd7 
9.Bb2 Qf6 10.Qe2 O-O 11.h4 Qh6 12.g3 Ndf6 13.Ne5 Bd7 14.Kg2 Bb4 15.Nxd7 
Nxd7 16.Nf3 Rad8 17.a3 Be7 18.cxd5 exd5 19.Ne5 Qe6 20.b4 a6 21.Rac1 Bd6 
22.f4 Be7 23.Bc3 Nxe5 24.dxe5 Qg6 25.Bxe4 dxe4 26.h5 Qe6 27.Bd4 Rd7 28.Rg1
Rfd8 29.Kh3 a5 30.Qc4 Kf7 31.Qxe6+ Kxe6 32.Bb6 Ra8 33.bxa5 Bxa3 34.Rcd1 
Rxd1 35.Rxd1 g6 36.hxg6 hxg6 37.Kg2 Bb4 38.Rh1 Be7 39.Rh6 Rg8 40.Kf2 c5 
41.Ke2 c4 42.Kd2 Bb4+ 43.Kc2 Rg7 44.Rh1 Rd7 45.Rb1 Rd2+ 46.Kc1 Bc3 47.Bd4 
Rd3 48.Rb6+ Kf7 49.Rxb7+ Ke6 50.Rb6+ Kf7 51.e6+ Ke8 52.Bc5 Bxa5 53.Ra6 Bc3
54.e7 Kf7 55.Ra8 1-0

[Event "22nd EUR-ch (w)"]
[Site "Prague CZE"]
[Date "2022.08.21"]
[Round "2.34"]
[White "Hrebenshchykova, Yelyzaveta"]
[Black "Roebers, Eline"]
[Result "1/2-1/2"]
[WhiteElo "2123"]
[BlackElo "2324"]
[EventDate "2022.08.20"]
[PlyCount "95"]

1.d4 Nf6 2.c4 e6 3.Nf3 c5 4.e3 cxd4 5.exd4 Be7 6.Nc3 O-O 7.Bf4 b6 8.Be2 
Bb7 9.d5 exd5 10.cxd5 Bb4 11.d6 Nd5 12.Be5 Nxc3 13.bxc3 Ba5 14.Rc1 Na6 15.
O-O Re8 16.Qd4 Nc5 17.Qg4 f6 18.Bc4+ Kh8 19.Bd4 Re4 20.Qh5 Ne6 21.Nd2 Rxd4
22.cxd4 Bxd2 23.Rc2 Bh6 24.Bxe6 dxe6 25.Qf7 Be4 26.Rc7 Qxd6 27.Rxa7 Rf8 
28.Rd7 Rxf7 29.Rxd6 g6 30.Rxe6 Bd3 31.Rd1 Bc2 32.Rde1 b5 33.d5 Bf5 34.Re8+
Bf8 35.d6 Kg7 36.Rd8 Rd7 37.Ree8 Rxd8 38.Rxd8 Kf7 39.f3 Bh6 40.g4 Be3+ 41.
Kg2 Be6 42.Rh8 Bh6 43.h4 Bg7 44.Rb8 Bd7 45.Rd8 Ke6 46.Rg8 Kf7 47.Rd8 Ke6 
48.Rg8 1/2-1/2

[Event "22nd EUR-ch (w)"]
[Site "Prague CZE"]
[Date "2022.08.21"]
[Round "2.35"]
[White "Katter, Katharina"]
[Black "Lazarne Vajda, Szidonia"]
[Result "0-1"]
[WhiteElo "1960"]
[BlackElo "2313"]
[EventDate "2022.08.20"]
[PlyCount "74"]

1.Nf3 d5 2.e3 Nf6 3.c4 e6 4.Nc3 Be7 5.b3 c5 6.Bb2 Nc6 7.cxd5 exd5 8.d4 O-O
9.Be2 Bg4 10.dxc5 Bxc5 11.Nh4 Be6 12.Rc1 Qe7 13.O-O a6 14.Nf3 Ba7 15.Qc2 
Rac8 16.Rfd1 Rfd8 17.Qb1 d4 18.exd4 Nxd4 19.Nxd4 Bxd4 20.Na4 Ba7 21.Rxc8 
Rxc8 22.Bf3 Ng4 23.Bd4 Bxd4 24.Rxd4 Qg5 25.Rd1 Qf4 26.Bxg4 Bxg4 27.Re1 h6 
28.Nb6 Bf5 29.Qd1 Rc2 30.Qd8+ Kh7 31.f3 Rd2 32.Qe7 Be6 33.Qc5 Rxa2 34.Qe5 
Qd2 35.Qe4+ g6 36.f4 Qf2+ 37.Kh1 Qxb6 0-1

[Event "22nd EUR-ch (w)"]
[Site "Prague CZE"]
[Date "2022.08.21"]
[Round "2.36"]
[White "Sandu, Mihaela"]
[Black "Schloffer, Jasmin-Denise"]
[Result "1/2-1/2"]
[WhiteElo "2297"]
[BlackElo "2127"]
[EventDate "2022.08.20"]
[PlyCount "87"]

1.e4 e5 2.Nf3 Nc6 3.Bb5 a6 4.Ba4 Nf6 5.O-O Be7 6.Re1 b5 7.Bb3 d6 8.c3 O-O 
9.h3 Na5 10.Bc2 c5 11.d4 Qc7 12.Nbd2 cxd4 13.cxd4 Nc6 14.Nb3 a5 15.Be3 a4 
16.Nbd2 Nb4 17.Bb1 Bd7 18.a3 Nc6 19.Bd3 Qb7 20.Qe2 Rfe8 21.Rac1 Rab8 22.
dxe5 dxe5 23.Bc5 Nh5 24.Qe3 Nf4 25.Bxe7 Rxe7 26.Rc5 b4 27.Bb5 Ne6 28.Bxc6 
Bxc6 29.Rxe5 f6 30.Ra5 Qc7 31.axb4 Rxb4 32.Ra6 Qb7 33.Qc3 Bxe4 34.Ra7 Qxa7
35.Qxb4 Bd5 36.Nd4 Rb7 37.Qd6 Rd7 38.Nb5 Rxd6 39.Nxa7 Kf7 40.Ne4 Bxe4 41.
Rxe4 Rd1+ 42.Kh2 Rd2 43.Rxa4 Rxb2 44.Kg1 1/2-1/2

[Event "22nd EUR-ch (w)"]
[Site "Prague CZE"]
[Date "2022.08.21"]
[Round "2.37"]
[White "Rapport, Jovana"]
[Black "Sochorova, Petra"]
[Result "1-0"]
[WhiteElo "2294"]
[BlackElo "2019"]
[EventDate "2022.08.20"]
[PlyCount "119"]

1.e4 e5 2.Nf3 Nc6 3.g3 f5 4.exf5 d5 5.Bb5 Bd6 6.d4 e4 7.Nh4 Nf6 8.a3 O-O 
9.Nc3 Ne7 10.g4 Ne8 11.Be3 c6 12.Be2 b5 13.Ng2 a5 14.a4 b4 15.Nb1 Qc7 16.
h3 Bd7 17.Nd2 c5 18.dxc5 Be5 19.Qc1 d4 20.Bg5 Bc6 21.Nc4 Nf6 22.Bf4 Bxf4 
23.Qxf4 Qa7 24.O-O Qxc5 25.Qd6 Qxd6 26.Nxd6 Rfd8 27.Bc4+ Kf8 28.Nf7 Rdc8 
29.Ng5 Bd7 30.b3 h6 31.Ne6+ Bxe6 32.fxe6 Ng6 33.f4 exf3 34.Ne1 Ne5 35.Bb5 
Ke7 36.Rd1 Ne4 37.Nxf3 Nxf3+ 38.Rxf3 Nc3 39.Re1 Rf8 40.Rxf8 Rxf8 41.Bc4 h5
42.Re5 hxg4 43.hxg4 Rf4 44.Rxa5 Rxg4+ 45.Kh2 Rh4+ 46.Kg3 Rh8 47.Ra7+ Kf6 
48.Rf7+ Ke5 49.Rxg7 Ne4+ 50.Kg2 Nd6 51.Rg5+ Kf4 52.Rg3 Nf5 53.Rf3+ Ke5 54.
Kf2 Nd6 55.e7 Re8 56.Rf8 Ne4+ 57.Ke2 Rxe7 58.Rb8 Rh7 59.Re8+ Kf4 60.Rxe4+ 
1-0

[Event "22nd EUR-ch (w)"]
[Site "Prague CZE"]
[Date "2022.08.21"]
[Round "2.38"]
[White "Movsesian, Julia"]
[Black "Butenandt, Svenja"]
[Result "1-0"]
[WhiteElo "2291"]
[BlackElo "2032"]
[EventDate "2022.08.20"]
[PlyCount "35"]

1.e4 c6 2.Nc3 d5 3.Nf3 Nf6 4.e5 Ne4 5.Ne2 Qb6 6.d4 e6 7.Ng3 c5 8.Bd3 Nxg3 
9.fxg3 cxd4 10.O-O h6 11.Nh4 Nc6 12.Qh5 Nd8 13.Bg6 Qc7 14.Bd2 Bc5 15.b4 
Bb6 16.Bd3 Qe7 17.Rxf7 Nxf7 18.Ng6 1-0

[Event "22nd EUR-ch (w)"]
[Site "Prague CZE"]
[Date "2022.08.21"]
[Round "2.39"]
[White "Kochavi, Dana"]
[Black "Doluhanova, Evgeniya"]
[Result "0-1"]
[WhiteElo "1894"]
[BlackElo "2278"]
[EventDate "2022.08.20"]
[PlyCount "54"]

1.e4 e5 2.Nf3 Nc6 3.Bb5 g6 4.O-O Bg7 5.c3 d6 6.d4 Bd7 7.Be3 Nf6 8.Nbd2 O-O
9.Ne1 exd4 10.cxd4 Ng4 11.Nc2 Nxe3 12.fxe3 Nxd4 13.Nxd4 Bxd4 14.exd4 Bxb5 
15.Rf3 Qg5 16.Qc2 c5 17.e5 cxd4 18.exd6 Rac8 19.Qb3 Bc6 20.Rf2 Rcd8 21.Nf3
Qe3 22.Nd2 Rxd6 23.Nc4 Qxb3 24.axb3 Re6 25.Rd2 Rd8 26.Rxa7 d3 27.Kf2 Rde8 
0-1

[Event "22nd EUR-ch (w)"]
[Site "Prague CZE"]
[Date "2022.08.21"]
[Round "2.40"]
[White "Hnatyshyn, Anastasiia"]
[Black "Gueci, Tea"]
[Result "1/2-1/2"]
[WhiteElo "2061"]
[BlackElo "2254"]
[EventDate "2022.08.20"]
[PlyCount "140"]

1.e4 e5 2.Nf3 Nc6 3.Bb5 a6 4.Ba4 Nf6 5.O-O Be7 6.Re1 b5 7.Bb3 O-O 8.c3 d5 
9.exd5 Nxd5 10.Nxe5 Nxe5 11.Rxe5 c6 12.d3 Bd6 13.Re1 Bf5 14.Qf3 Qh4 15.h3 
Rae8 16.Rf1 Nf4 17.g3 Nxh3+ 18.Kg2 Qg4 19.Qxg4 Bxg4 20.Bd1 h5 21.f4 f6 22.
Nd2 g5 23.Ne4 Be7 24.fxg5 f5 25.Bb3+ Kg7 26.Nf2 Nxf2 27.Rxf2 Kg6 28.a4 
Bxg5 29.Bxg5 Kxg5 30.axb5 axb5 31.Ra7 Re3 32.Rg7+ Kh6 33.Rc7 Rf6 34.d4 Rd6
35.Bc2 Kg6 36.Rc8 Rf6 37.Rc7 Kh6 38.Bb3 Rd6 39.Bc2 Kg6 40.Rc8 Rf6 41.Rc7 
Be2 42.Rc8 Bc4 43.Bd1 Bd5+ 44.Bf3 Rxf3 45.Rxf3 f4 46.Rd8 Kg5 47.Rxd5+ cxd5
48.Rd3 h4 49.gxh4+ Kg4 50.Rd1 Rh6 51.Kf2 Rxh4 52.Rg1+ Kf5 53.Rg8 Ke4 54.
Re8+ Kd3 55.Kf3 Rh2 56.Rc8 Rxb2 57.Kxf4 b4 58.cxb4 Kxd4 59.Rb8 Kc4 60.Ke5 
Re2+ 61.Kf4 Rb2 62.Ke5 d4 63.Ke4 Re2+ 64.Kf3 d3 65.b5 Re5 66.b6 d2 67.Rd8 
Rd5 68.Rxd5 Kxd5 69.Ke2 Kc6 70.Kxd2 Kxb6 1/2-1/2

[Event "22nd EUR-ch (w)"]
[Site "Prague CZE"]
[Date "2022.08.21"]
[Round "2.41"]
[White "Eric, Jovana"]
[Black "Orian, Noga"]
[Result "1-0"]
[WhiteElo "2244"]
[BlackElo "1855"]
[EventDate "2022.08.20"]
[PlyCount "153"]

1.e4 c5 2.Nf3 d6 3.d4 cxd4 4.Nxd4 Nf6 5.Nc3 a6 6.Be3 Ng4 7.Bg5 h6 8.Bh4 g5
9.Bg3 Bg7 10.h3 Ne5 11.f3 Nbc6 12.Bf2 Ng6 13.Qd2 Nxd4 14.Bxd4 Bxd4 15.Qxd4
Qa5 16.O-O-O Be6 17.a3 O-O-O 18.Nd5 Bxd5 19.exd5 Qc5 20.Qd2 Kb8 21.Kb1 Rc8
22.c3 Qb6 23.Bd3 Ne5 24.Rhe1 Rc5 25.Bf1 Rhc8 26.Ka2 a5 27.Qd4 Qd8 28.h4 
Qd7 29.hxg5 hxg5 30.Qe3 Qf5 31.Bd3 Qf6 32.Qd4 Rh8 33.Rh1 Rxh1 34.Rxh1 Nxd3
35.Qxd3 Qe5 36.Rd1 f5 37.Rd2 f4 38.Qh7 Ka7 39.Qd3 Qe3 40.Kb1 Qxd3+ 41.Rxd3
Kb6 42.Rd2 Kc7 43.Kc2 Kd7 44.b4 axb4 45.axb4 Rc8 46.Re2 Ra8 47.Kd3 Ra1 48.
Rd2 Re1 49.Kd4 Re3 50.Ra2 Kc7 51.c4 Rb3 52.Re2 Kd7 53.b5 Rb1 54.Ke4 e6 55.
dxe6+ Kxe6 56.Kd4+ Kd7 57.Rd2 Re1 58.c5 dxc5+ 59.Kxc5+ Kc7 60.b6+ Kc8 61.
Rd5 Rc1+ 62.Kd4 Rb1 63.Rc5+ Kd8 64.Rxg5 Rxb6 65.Rg4 Rb2 66.Ke5 b5 67.Rg8+ 
Kd7 68.Kxf4 b4 69.g4 Ke6 70.Rb8 b3 71.g5 Rb1 72.Rb6+ Kf7 73.Kf5 b2 74.g6+ 
Kg7 75.Rb7+ Kf8 76.Kf6 Ke8 77.g7 1-0